000 01700cam a22002174a 4500
005 20250605164232.0
008 250528s ||||||||||||||||||||||||d
035 _a20990
020 _a9780324597707
040 _aGR-AtMCL
_bgre
_dGR-AtMCL
_eAACR2
245 1 _aFundamentals of Financial Management / Twelfth Edition
250 _a12th
260 _bSouth-Western - Cengage Learning,
_c2009
300 _a730
520 _aThis book allows to access financials, earnings estimates, market data and Excel worksheets from thousands of domestic and international companies. Preface, Introduction to Financial Management, An Overview of Financial Management, Fundamental Concepts in Financial Management, Financial Markets and Institutions, Financial Statements and Cash Flow and Taxes, Analysis of Financial Statements, Time Value of Money, Financial Assets, Interest Rates, Bonds and Their Valuation, Risk and Rates of Return, Stocks and Their Valuation, Investing in Long-Term Assets: Capital Budgeting, The Cost of Capital, The Basics of Capital Budgeting, Cash Flow Estimation and Risk Analysis, Real Options and Other Topics in Capital budgeting, Capital Structure and Dividend Policy, Capital Structure and Leverage, Distributions to Shareholders: Dividends and Share Purchases, Working Capital Management and Financial Forecasting, Working Capital Management, Financial Planning and Forecasting, Special Topics in Financial Management, Derivatives and Risk Management, Multinational Financial Management, Mergers and Acquisitions, Appendixes, Index.
700 1 _aBrigham Eugene F
_91101
700 1 _aHouston Joel F
_97002
942 _cBK
999 _c6067
_d6067